000 00661nam a2200229 4500
001 44732
010 _a9789898760531
021 _b442149/18
090 _a44732
100 _a20191010d2018 m y0pory50030103ba
101 0 _apor
102 _aPT
200 1 _aA rebelião
_fAfonso Valente Batista
205 _a1.ª ed.
210 9 _aLisboa
_cEdições Parsifal,
_d2018
215 _a221, [6] p.
_d23 cm
300 _a82-31 BAT/REB
675 _a821.134.3-31"19/20"
_vBN
_zpor
700 1 _aBaptista,
_bAfonso Valente,
_f1946-
801 0 _aPT
_bBN
_gRPC
856 4 1 _uhttp://rnod.bnportugal.gov.pt/ImagesBN/winlibimg.aspx?skey=&doc=2030937&img=130898&save=true
990 _cLIVROS